| 000 | 00469nam a2200157 i 4500 | ||
|---|---|---|---|
| 001 | 75722 | ||
| 003 | ES-MaACL | ||
| 005 | 20230906172554.0 | ||
| 007 | t| | ||
| 008 | 040927s1971 sp ||||1| spa d | ||
| 245 | 0 | 4 |
_aLos grandes escritores de la nueva Rusia _b: Dimoff, Savitsch, Lebedinski / _c[versión, J. Ribera]. |
| 260 |
_aBarcelona : _bPetronio, _c[1971] |
||
| 300 |
_a354 p. ; _c21 cm. |
||
| 700 | 1 |
_aRibera, J. _996772 |
|
| 852 |
_aES-MaACL _jC-42398 _bR.80636 |
||
| 999 |
_c75722 _d75722 |
||